| 000 | 00629 a2200205 4500 | ||
|---|---|---|---|
| 003 | Nust | ||
| 005 | 20170207154040.0 | ||
| 020 | _a0-321-12518-5 (pbk.) : | ||
| 040 | _cNust | ||
| 082 | 0 | 4 | _a005.133 |
| 100 | 1 | _aDewhurst, Stephen C. | |
| 245 | 1 | 0 |
_aC++ gotchas(E-BOOK) _bavoiding common problems in coding and design / _cStephen C. Dewhurst |
| 260 |
_aBoston : _bAddison-Wesley, _ccop. 2003 |
||
| 300 |
_axvi, 324 s. : _bill. |
||
| 440 | 0 | _aAddison-Wesley proferssional computing series | |
| 650 | 0 | _aC++ (Computer program language) | |
| 650 | 0 | _aC++ (Computer program language) | |
| 650 | 0 | _aC++ (programsprå«© | |
| 651 | _aE-BOOK | ||
| 942 |
_2ddc _cBK |
||
| 999 |
_c192579 _d192579 |
||